000 00603nam a22002297a 4500
003 UA-OsUOA
001 92340
007 ta
008 20121213b un ||||| |||| 00| 0 ukr d
100 _aАлегрія С.
090 _a821.161.2
_bА45
942 _cBK
040 _aUA-OsUOA
_bukr
_cUA-OsUOA
_dUA-OsUOA
245 _aСвіт великий, та чужий
_bроман
300 _a368 с.
955 _a3
041 _aukr
080 _a821.161.2
260 _aК.
_bДніпро
_c1976
650 7 _a82 Література. Літературознавство
_2UDC
999 _c378593
_d378593